[Event "Mistrzostwa Polski Juniorow Mlodszych do lat 14 - OOM Zachodniopomorskie 2023"]
[Site "Darlowek"]
[Date "1899-12-30"]
[Round "9.9"]
[White "Lecki, Leonard"]
[Black "Przybylski, Jan"]
[Result "0-1"]
[WhiteTitle "I+"]
[BlackTitle "I+"]
[WhiteElo "1962"]
[BlackElo "1671"]

1. e4 e5 2. Nc3 Nf6 3. f4 d5 4. fxe5 Nxe4 5. Qf3 f5 6. d3 Nxc3 7. bxc3 d4 8. Qg3
Nc6 9. Be2 Be6 10. c4 Bb4+ 11. Kf2 O-O 12. Bf4 Bc5 13. Kf1 Nb4 14. Bd1 Qd7 15.
Nf3 Kh8 16. a3 Nc6 17. Ng5 Bg8 18. Bh5 Nd8 19. Qh3 Ne6 20. Nxh7 Nxf4 21. Nxf8
Rxf8 22. Be8+ Nxh3 23. Bxd7 Nf4 24. e6 Nxe6 25. Kf2 Rd8 26. Bxe6 Bxe6 27. Rhe1
Re8 28. Re5 Bd6 29. Ra5 Ra8 30. c5 b6 31. cxb6 cxb6 32. Rb5 Kg8 33. a4 Rc8 34.
Rb2 Bd7 35. a5 b5 36. a6 Kf7 37. Re1 Kf6 38. g3 g5 39. Re2 g4 40. Ra2 Re8 41.
Rxe8 Bxe8 42. Ra1 Bc6 43. Ke2 Ke6 44. Rb1 Kd7 45. Rf1 Bf3+ 46. Kf2 Bc6 47. Kg1
Ke6 48. Re1+ Kf6 49. Kf2 f4 50. Re2 f3 51. Re1 Bb4 52. Rh1 Bd7 53. h3 gxh3 54.
Rd1 Kg5 55. Kf1 Kg4 56. Kf2 Bd6 57. c4 Bxg3+ 58. Kg1 h2+ 59. Kh1 Bc6 60. cxb5
Bd5 61. Re1 0-1

[Event "Mistrzostwa Polski Juniorow Mlodszych do lat 14 - OOM Zachodniopomorskie 2023"]
[Site "Darlowek"]
[Date "1899-12-30"]
[Round "9.10"]
[White "Butkiewicz, Jan"]
[Black "Haladaj, Adam"]
[Result "1-0"]
[WhiteTitle "I"]
[BlackTitle "I"]
[WhiteElo "1691"]
[BlackElo "1614"]

1. d4 Nf6 2. c4 g6 3. Nc3 Bg7 4. e4 d6 5. Nf3 O-O 6. Be2 e5 7. O-O Nc6 8. d5 Ne7
9. b4 Nd7 10. Qc2 a5 11. bxa5 Rxa5 12. a4 f5 13. Nd2 Nc5 14. Nb3 Nxb3 15. Qxb3
fxe4 16. Nxe4 Nf5 17. Bb2 Nd4 18. Bxd4 exd4 19. Bd3 b6 20. Qc2 Bd7 21. f4 Qa8
22. Ng5 Rxa4 23. Rae1 Ra2 24. Qb1 Bf5 25. Bxf5 Rxf5 26. g4 Rf8 27. Re7 Qa3 28.
Qe1 Qb2 29. Rxg7+ 1-0

[Event "Mistrzostwa Polski Juniorow Mlodszych do lat 14 - OOM Zachodniopomorskie 2023"]
[Site "Darlowek"]
[Date "1899-12-30"]
[Round "9.11"]
[White "Zareba, Piotr"]
[Black "Jablonski, Antoni"]
[Result "1/2-1/2"]
[WhiteTitle "I+"]
[BlackTitle "II+"]
[WhiteElo "1690"]
[BlackElo "1567"]

1. e4 c5 2. Nf3 d6 3. d4 cxd4 4. Nxd4 Nf6 5. Nc3 a6 6. Bg5 e6 7. Qf3 Be7 8. O-O-O
Nbd7 9. g4 Qc7 10. h4 b5 11. Bxf6 gxf6 12. a3 Bb7 13. Qe2 Nc5 14. f4 Qa5 15. Bg2
b4 16. axb4 Qxb4 17. e5 d5 18. f5 O-O-O 19. fxe6 fxe6 20. Rhf1 fxe5 21. Qxe5 Bd6
22. Qe2 e5 23. Nf5 d4 24. Ne4 Bxe4 25. Bxe4 Kb8 26. Rf3 Rhe8 27. Ra3 Qb5 28. Qg2
Re6 29. h5 Ka7 30. Bd5 Rf6 31. Bc6 Qb6 32. Be4 Rb8 33. Ra2 Rff8 34. g5 Rfc8 35.
g6 hxg6 36. hxg6 Nxe4 37. Qxe4 Qc6 38. Nxd6 Qxd6 39. g7 Qh6+ 40. Kb1 Qxg7 41.
Ra5 Qb7 42. Qxb7+ Rxb7 43. Rxe5 Rd7 44. Re2 Rcd8 45. Red2 Kb6 46. Rd3 Kc5 47.
b3 Rd5 48. Kb2 Kb5 49. Kb1 Kc5 50. Kb2 Kb6 51. Ra1 Ra5 52. Rxa5 Kxa5 53. Ka3 Rc8
54. b4+ Kb5 55. Kb3 Rc4 56. c3 Rxc3+ 57. Rxc3 dxc3 58. Kxc3 a5 59. bxa5 Kxa5 1/2-1/2

[Event "Mistrzostwa Polski Juniorow Mlodszych do lat 14 - OOM Zachodniopomorskie 2023"]
[Site "Darlowek"]
[Date "1899-12-30"]
[Round "9.12"]
[White "Jaszczuk, Piotr"]
[Black "Dobosiewicz, Dawid"]
[Result "0-1"]
[WhiteTitle "II"]
[BlackTitle "I+"]
[WhiteElo "1556"]
[BlackElo "1872"]

1. e4 c5 2. Nf3 e6 3. d4 cxd4 4. Nxd4 Nc6 5. Nc3 Qc7 6. Be3 a6 7. Qf3 Ne5 8. Qg3
h5 9. h4 d6 10. O-O-O Nc4 11. Bxc4 Qxc4 12. f4 b5 13. e5 b4 14. Nb1 g6 15. exd6
Bxd6 16. Qf3 Qd5 17. Nb5 Qxb5 18. Qxa8 Bb8 19. Qe4 Ne7 20. c4 Qa5 21. Qd4 O-O
22. Qc5 Qxa2 23. Qxb4 Nc6 24. Qc3 e5 25. Bc5 Re8 26. Rhe1 Bg4 27. Rd5 Bf5 28.
Na3 Nd4 29. Bxd4 Qa1+ 30. Kd2 Qxe1+ 31. Kxe1 exd4+ 32. Re5 Rxe5+ 33. fxe5 dxc3
34. bxc3 Bxe5 0-1

[Event "Mistrzostwa Polski Juniorow Mlodszych do lat 14 - OOM Zachodniopomorskie 2023"]
[Site "Darlowek"]
[Date "1899-12-30"]
[Round "9.13"]
[White "Nowakowski, Maksymilian"]
[Black "Futyma, Dawid"]
[Result "1/2-1/2"]
[WhiteTitle "I"]
[BlackTitle "I"]
[WhiteElo "1788"]
[BlackElo "1519"]

1. d4 Nf6 2. c4 c5 3. d5 b5 4. cxb5 a6 5. b6 Qxb6 6. Nc3 g6 7. e4 d6 8. Be2 Bg7
9. Nf3 O-O 10. O-O Nbd7 11. Nd2 Bb7 12. Nc4 Qc7 13. a4 Nb6 14. a5 Nxc4 15. Bxc4
Nd7 16. Bf4 Rfb8 17. Qd3 Bc8 18. b3 Ne5 19. Bxe5 Bxe5 20. Ra2 Bxc3 21. Qxc3 Bd7
22. f4 Rb4 23. f5 Qb7 24. f6 Bb5 25. Raf2 Bxc4 26. bxc4 Rf8 27. Rf4 Rb1 28. e5
Rxf1+ 29. Kxf1 dxe5 30. Qxe5 exf6 31. Rxf6 Qb1+ 32. Qe1 Qc2 33. Qe2 Qc1+ 34. Kf2
Rb8 1/2-1/2

[Event "Mistrzostwa Polski Juniorow Mlodszych do lat 14 - OOM Zachodniopomorskie 2023"]
[Site "Darlowek"]
[Date "1899-12-30"]
[Round "9.14"]
[White "Wojtacha, Krzysztof"]
[Black "Klim, Juliusz"]
[Result "1-0"]
[WhiteTitle "I"]
[BlackTitle "I+"]
[WhiteElo "1505"]
[BlackElo "1607"]

1. e4 c5 2. Nf3 d6 3. d4 cxd4 4. Nxd4 Nf6 5. Nc3 a6 6. f3 e5 7. Nb3 Be6 8. Be3
Be7 9. Qd2 O-O 10. O-O-O Nbd7 11. g4 b5 12. g5 Nh5 13. Nd5 Bxd5 14. exd5 f6 15.
Na5 Nf4 16. Nc6 Qe8 17. Bxf4 exf4 18. g6 hxg6 19. Qxf4 Ne5 20. Bh3 g5 21. Be6+
Kh8 22. Qg3 g6 23. h4 Nxc6 24. hxg5+ Kg7 25. Rh7+ 1-0

[Event "Mistrzostwa Polski Juniorow Mlodszych do lat 14 - OOM Zachodniopomorskie 2023"]
[Site "Darlowek"]
[Date "1899-12-30"]
[Round "9.15"]
[White "Micula, Jakub"]
[Black "Uhryn, Lukasz"]
[Result "0-1"]
[WhiteTitle "I"]
[BlackTitle "I"]
[WhiteElo "1600"]
[BlackElo "1455"]

1. b4 d5 2. Bb2 Bf5 3. e3 e6 4. Nf3 Nf6 5. a3 Bd6 6. c4 c6 7. d3 Nbd7 8. Be2 Qc7
9. Nbd2 e5 10. Qc2 Rc8 11. Rc1 O-O 12. h3 e4 13. Nd4 Bg6 14. cxd5 cxd5 15. Qb3
Qb8 16. O-O a6 17. Rfd1 exd3 18. Bxd3 Ne5 19. Bf5 Rxc1 20. Rxc1 b5 21. Bxg6 hxg6
22. Nc6 Qe8 23. Nxe5 Bxe5 24. Nf3 Bxb2 25. Qxb2 Qd7 26. Ne5 Qb7 27. Qc2 Ne4 28.
Qc6 Qxc6 29. Rxc6 Ra8 30. Nd7 Nd2 31. Nb6 Rd8 32. Rc8 Rxc8 33. Nxc8 Nc4 34. Ne7+
Kf8 35. Nxd5 Nxa3 36. Nc7 Ke7 37. Nxa6 Kd6 38. Kf1 Kd5 39. Ke2 Kc4 40. Kd2 Kb3
41. g4 Nc2 42. Nc7 Na3 43. Nd5 Nc2 44. f4 Nxb4 45. e4 Nc6 46. Kd3 Ka3 47. Ne3
b4 48. Nc4+ Ka2 49. e5 b3 50. Kc3 Ne7 51. Kd4 b2 52. Nd2 Nc6+ 53. Kc5 Na5 54.
Kb4 Nb3 55. Ne4 Nd4 56. Nd2 Nf3 0-1

[Event "Mistrzostwa Polski Juniorow Mlodszych do lat 14 - OOM Zachodniopomorskie 2023"]
[Site "Darlowek"]
[Date "1899-12-30"]
[Round "9.16"]
[White "Olszewski, Antoni"]
[Black "Gruca, Karol"]
[Result "1-0"]
[WhiteTitle "II+"]
[BlackTitle "II+"]
[WhiteElo "1821"]
[BlackElo "1510"]

1. e4 c5 2. Nf3 Nc6 3. d4 cxd4 4. Nxd4 g6 5. c4 Nf6 6. Nc3 d6 7. f3 Nxd4 8. Qxd4
Bg7 9. Be3 O-O 10. Qd2 Qa5 11. Be2 Be6 12. Rc1 Rfc8 13. b3 a6 14. Na4 Qxd2+ 15.
Kxd2 Nd7 16. g4 Rab8 17. Nc3 Rc6 18. f4 Bxc3+ 19. Rxc3 Nf6 20. Bf3 Bxg4 21. Bg2
Rd8 22. Rd3 Rcc8 23. e5 dxe5 24. Bxb7 Rxd3+ 25. Kxd3 Rd8+ 26. Kc3 e4 27. Bd4 Bf3
28. Re1 a5 29. Bxf6 Rd3+ 30. Kc2 exf6 31. Bxe4 Bxe4 32. Rxe4 Rh3 33. Re8+ Kg7
34. Re2 Rf3 35. c5 Rxf4 36. c6 Rf5 37. Kb2 a4 38. c7 a3+ 39. Kb1 Rf1+ 40. Kc2
Ra1 41. c8=Q Rxa2+ 42. Kd3 Ra1 43. Qc3 Rf1 44. Ke3 Rf5 45. Ra2 Rh5 46. Qc8 f5
47. Rxa3 Rxh2 48. Ra8 Rh3+ 49. Kf4 Rxb3 50. Qf8+ Kf6 51. Ra6+ Rb6 52. Rxb6# 1-0

[Event "Mistrzostwa Polski Juniorow Mlodszych do lat 14 - OOM Zachodniopomorskie 2023"]
[Site "Darlowek"]
[Date "1899-12-30"]
[Round "9.17"]
[White "Rosa, Antoni"]
[Black "Jasiulewicz, Dawid"]
[Result "1/2-1/2"]
[WhiteTitle "I++"]
[BlackTitle "I"]
[WhiteElo "1643"]
[BlackElo "1927"]

1. c4 c5 2. Nc3 Nf6 3. g3 d5 4. cxd5 Nxd5 5. Bg2 Nc7 6. Nf3 Nc6 7. O-O e5 8. d3
Be7 9. Be3 O-O 10. Rc1 Bd7 11. a3 b6 12. Nd2 Rc8 13. f4 exf4 14. Bxf4 Ne6 15.
Nc4 Nxf4 16. gxf4 Be6 17. Qa4 Bd7 18. Qd1 Re8 19. e4 Be6 20. e5 Qd4+ 21. Kh1 Bxc4
22. dxc4 Qxc4 23. Bd5 Qd4 24. Qf3 Qd2 25. Bxc6 Red8 26. Qg2 Qxg2+ 27. Bxg2 Rd2
28. b3 Rb2 29. Nd5 Bf8 30. Rc3 b5 31. f5 Re2 32. Re3 Rxe3 33. Nxe3 c4 34. Rc1
Bxa3 35. Rc2 Bc5 36. Nd5 cxb3 37. Rc3 b2 38. Rb3 Ba3 39. Be4 Rc4 40. Rxb5 h5 41.
Bd3 Rd4 42. Bc2 Rc4 43. Bd3 Rd4 44. Bc2 Rc4 1/2-1/2

[Event "Mistrzostwa Polski Juniorow Mlodszych do lat 14 - OOM Zachodniopomorskie 2023"]
[Site "Darlowek"]
[Date "1899-12-30"]
[Round "9.18"]
[White "Uhryn, Mateusz"]
[Black "Lechowski, Witold"]
[Result "1-0"]
[WhiteTitle "I"]
[BlackTitle "I"]
[WhiteElo "1485"]
[BlackElo "1650"]

1. d4 Nf6 2. c4 g6 3. Nc3 d5 4. cxd5 Nxd5 5. Bd2 Bg7 6. e4 Nb6 7. Be3 O-O 8. Be2
c6 9. a4 a5 10. Nf3 Bg4 11. Qd2 Na6 12. Rd1 Nb4 13. h4 h5 14. Ng5 Qc8 15. b3 Rd8
16. Na2 Bxd4 17. Nxb4 f6 18. Bxd4 e5 19. Nc2 fxg5 20. Qxg5 exd4 21. Qxg6+ Kf8
22. Bxg4 hxg4 23. Nxd4 Re8 24. h5 Nd5 25. h6 Ke7 26. Nf5+ Kd8 27. h7 Rxe4+ 28.
Kf1 Kc7 29. h8=Q Qd7 30. Rh7 Rxh8 31. Rxd7+ Kb6 32. Rxb7+ Kc5 33. Qd6# 1-0

[Event "Mistrzostwa Polski Juniorow Mlodszych do lat 14 - OOM Zachodniopomorskie 2023"]
[Site "Darlowek"]
[Date "1899-12-30"]
[Round "9.19"]
[White "Gawlik, Olivier"]
[Black "Durzynski, Jan"]
[Result "1-0"]
[WhiteTitle "II+"]
[BlackTitle "I"]
[WhiteElo "1412"]
[BlackElo "1499"]

1. e4 c5 2. Nf3 e6 3. d4 cxd4 4. Nxd4 a6 5. Nc3 Qc7 6. g3 b5 7. Bg2 Bb7 8. O-O
Nf6 9. Re1 d6 10. Nd5 Nxd5 11. exd5 e5 12. f4 Nd7 13. Nc6 Bxc6 14. dxc6 Nf6 15.
a4 b4 16. Qe2 e4 17. Bxe4 Nxe4 18. Qxe4+ Be7 19. Bd2 a5 20. Re2 d5 21. Qe5 Qxe5
22. Rxe5 f6 23. Rxd5 Kf7 24. Re1 Rhd8 25. c4 bxc3 26. Rxd8 Bxd8 27. Bxc3 Rc8 28.
Kg2 Rxc6 29. Kf3 Bb6 30. h4 h5 31. Re2 Rc7 32. Re4 Rc6 33. Ke2 Re6 34. Rxe6 Kxe6
35. Be1 Kd5 36. Kd3 f5 37. b3 g6 38. Ke2 Kc6 39. b4 axb4 40. Bxb4 Kd5 41. a5 Ba7
42. Be1 Kc6 43. Bf2 Bb8 44. a6 Bc7 45. a7 Kb7 46. Kd3 Ba5 47. Kc4 Bd2 48. Kd5
g5 49. fxg5 f4 50. gxf4 Bxf4 51. g6 Bh6 52. Ke6 1-0

[Event "Mistrzostwa Polski Juniorow Mlodszych do lat 14 - OOM Zachodniopomorskie 2023"]
[Site "Darlowek"]
[Date "1899-12-30"]
[Round "9.20"]
[White "Nocek, Dominik"]
[Black "Niesyt, Michal"]
[Result "1/2-1/2"]
[WhiteTitle "I"]
[BlackTitle "I"]
[WhiteElo "1501"]
[BlackElo "1710"]

1. e4 c5 2. Nf3 d6 3. d4 cxd4 4. Nxd4 Nf6 5. Nc3 g6 6. g3 Bg7 7. Bg2 O-O 8. O-O
Nbd7 9. Nd5 a6 10. Re1 e5 11. Ne2 Nxd5 12. Qxd5 Nf6 13. Qd3 Be6 14. c4 Qc7 15.
b3 Rfd8 16. h3 Nd7 17. Be3 Nc5 18. Qd2 b5 19. cxb5 axb5 20. Nc3 Qb7 21. Red1 b4
22. Nd5 Bxd5 23. Qxd5 Qxd5 24. Rxd5 Nxb3 25. Rb1 Nd4 26. Bxd4 exd4 27. Rxb4 Rxa2
28. Rb6 Kf8 29. Rbxd6 Rxd6 30. Rxd6 Ke7 31. Rd5 Ra1+ 32. Kh2 Rd1 33. Bf3 Rd3 34.
Kg2 Ke6 35. Be2 Rc3 36. h4 f5 37. Bf3 Bf6 38. exf5+ gxf5 39. Rb5 Be5 40. Rb6+
Bd6 41. Rb5 d3 42. Rd5 Ra3 43. Rd4 Bc5 44. Rd5 Bb4 45. Rb5 Ba5 46. Rb1 d2 47.
Rd1 Ke5 48. Be2 Kd4 49. f4 Ke3 50. Bf3 Kd3 51. Rf1 Rc3 52. h5 Rc1 53. g4 fxg4
54. Bxg4 Ke3 55. f5 Rxf1 56. Kxf1 Kf4 57. Bd1 Kxf5 58. Kg2 Kf4 59. Kh1 Bb6 60.
Bc2 Ke3 61. Bd1 Kf2 62. Bg4 h6 63. Bd1 Ke1 64. Bg4 1/2-1/2

[Event "Mistrzostwa Polski Juniorow Mlodszych do lat 14 - OOM Zachodniopomorskie 2023"]
[Site "Darlowek"]
[Date "1899-12-30"]
[Round "9.21"]
[White "Prokopiuk, Jakub"]
[Black "Wasiluk, Mateusz"]
[Result "1/2-1/2"]
[WhiteTitle "I"]
[BlackTitle "II+"]
[WhiteElo "1562"]
[BlackElo "1570"]

1. e4 e6 2. d4 d5 3. e5 c5 4. c3 Nc6 5. Nf3 Qb6 6. Bd3 Bd7 7. dxc5 Bxc5 8. O-O
f6 9. b4 Be7 10. Re1 fxe5 11. b5 e4 12. bxc6 bxc6 13. Ne5 Nf6 14. Bc2 O-O 15.
Be3 Qb2 16. Nxd7 Nxd7 17. Nd2 Qxc3 18. Nxe4 Qe5 19. Ng3 Qf6 20. Qe2 e5 21. Rab1
e4 22. Rb7 Nc5 23. Bxc5 Bxc5 24. Rf1 Qc3 25. Nxe4 Qe5 26. Ng3 Qxe2 27. Nxe2 Rxf2
28. Rxf2 Rf8 29. Kf1 Bxf2 30. Rd7 Bb6+ 31. Ke1 Ba5+ 32. Nc3 Bxc3+ 33. Ke2 1/2-1/2

[Event "Mistrzostwa Polski Juniorow Mlodszych do lat 14 - OOM Zachodniopomorskie 2023"]
[Site "Darlowek"]
[Date "1899-12-30"]
[Round "9.22"]
[White "Kowalski, Witold"]
[Black "Rajlich, Vaclav"]
[Result "0-1"]
[WhiteTitle "I+"]
[BlackTitle "I"]
[WhiteElo "1662"]
[BlackElo "1530"]

1. e4 c5 2. Nf3 Nc6 3. d4 cxd4 4. Nxd4 g6 5. c4 Bg7 6. Be3 Nf6 7. Nc3 O-O 8. f3
d6 9. Qd2 Nxd4 10. Bxd4 Be6 11. Rc1 Qa5 12. b3 Rfc8 13. Be2 a6 14. O-O b5 15.
cxb5 axb5 16. Rfd1 Bd7 17. b4 Qxb4 18. Rb1 Qa5 19. Bxb5 e5 20. Nd5 Qxd2 21. Rxd2
Rcb8 22. Nb6 Ra5 23. Bxd7 Nxd7 24. Be3 Bf8 25. Rdb2 Nxb6 26. Bxb6 Ra6 27. Be3
Rba8 28. Rb8 Kg7 29. Rxa8 Rxa8 30. Ra1 Ra4 31. Kf2 f5 32. exf5 gxf5 33. Bd2 d5
34. Bc3 d4 35. Bd2 e4 36. fxe4 fxe4 37. Ke2 Bc5 38. g3 d3+ 39. Kd1 Bd4 40. Rb1
Rxa2 41. Bc1 e3 42. Rb7+ Kg6 43. Rb3 d2 44. Bxd2 Rxd2+ 45. Ke1 Kf5 46. Rb8 Ke4
47. Re8+ Kd3 48. Rd8 Rxh2 0-1

[Event "Mistrzostwa Polski Juniorow Mlodszych do lat 14 - OOM Zachodniopomorskie 2023"]
[Site "Darlowek"]
[Date "1899-12-30"]
[Round "9.23"]
[White "Karwot, Marek"]
[Black "Wolski, Ernest"]
[Result "1-0"]
[WhiteTitle "II+"]
[BlackTitle "II"]
[WhiteElo "1597"]
[BlackElo "1317"]

1. e4 e5 2. Nf3 Nf6 3. Nxe5 Nc6 4. Nxc6 dxc6 5. d3 Bc5 6. Be2 h5 7. c3 Bg4 8. f3
Qe7 9. fxg4 Nxe4 10. dxe4 Rd8 11. Bd3 hxg4 12. Qe2 g3 13. h3 O-O 14. Be3 f5 15.
Bc4+ 1-0

[Event "Mistrzostwa Polski Juniorow Mlodszych do lat 14 - OOM Zachodniopomorskie 2023"]
[Site "Darlowek"]
[Date "1899-12-30"]
[Round "9.24"]
[White "Stachowiak, Bruno"]
[Black "Grobelny, Mikolaj"]
[Result "1-0"]
[WhiteTitle "II"]
[BlackTitle "I"]
[WhiteElo "1596"]
[BlackElo "1577"]

1. e4 c5 2. Nf3 e6 3. d4 cxd4 4. Nxd4 a6 5. Bd3 g6 6. O-O Bg7 7. c3 Nc6 8. Nxc6
bxc6 9. Be3 d5 10. Qb3 Ne7 11. a4 Qd6 12. a5 O-O 13. Bb6 Bd7 14. Qa3 Qxa3 15.
Nxa3 e5 16. Bc5 Rfe8 17. Nc2 dxe4 18. Bxe4 Bf5 19. Bxf5 Nxf5 20. Nb4 Bf6 21. Rfd1
e4 22. Rd7 e3 23. fxe3 Nxe3 24. Nxc6 Nc4 25. Rf1 Re6 26. Nd4 Bxd4+ 27. Bxd4 Nd2
28. Rd1 Nc4 29. b4 Rae8 30. Rc7 Nb2 31. Rf1 Nd3 32. Rcxf7 Re1 33. Rg7+ Kh8 34.
Rxg6+ Ne5 35. Rxe1 1-0

[Event "Mistrzostwa Polski Juniorow Mlodszych do lat 14 - OOM Zachodniopomorskie 2023"]
[Site "Darlowek"]
[Date "1899-12-30"]
[Round "9.25"]
[White "Zielen, Stanislaw"]
[Black "Jagodzinski, Jaromir"]
[Result "1/2-1/2"]
[WhiteTitle "II+"]
[BlackTitle "II+"]
[WhiteElo "1356"]
[BlackElo "1473"]

1. d4 d5 2. c4 e6 3. Nc3 a6 4. cxd5 exd5 5. Nf3 Nf6 6. Bg5 Be7 7. a4 O-O 8. e3
Bg4 9. Be2 h6 10. Bxf6 Bxf6 11. Qb3 Qc8 12. Nxd5 Nd7 13. Nxf6+ Nxf6 14. O-O Ne4
15. Qc2 Nd6 16. Rac1 c6 17. Rfd1 Qe6 18. Ne5 Bxe2 19. Qxe2 Qb3 20. Nd7 Rfe8 21.
Qc2 Qe6 22. Nc5 Qe7 23. Qb3 Rad8 24. d5 cxd5 25. Rxd5 Ne4 26. Nxe4 Qxe4 27. Rcd1
Rxd5 28. Qxd5 Qxa4 29. h3 Qc2 30. Rd2 Qc1+ 1/2-1/2